Toutes les gares ferroviaires de l'Isère - Statistiques

Statistiques générales
  • Ce quiz a été pris 37 fois
  • Le résultat moyen est 17 sur 43
Statistiques - réponses
Fréquentation annuelle Nom de la gare % Correct
8 776 384 Grenoble
100%
1 651 235 Voiron
86%
2 123 008 Bourgoin-Jallieu
83%
213 574 Saint-André-le-Gaz
81%
1 057 716 La Tour-du-Pin
78%
2 266 354 Vienne
78%
534 520 Echirolles
75%
868 026 Moirans
72%
386 656 Voreppe
61%
355 709 Rives
58%
84 142 Saint-Egrève-Saint-Robert
58%
356 731 L'Isle-d'Abeau
53%
601 317 Saint-Marcellin
53%
1 208 654 La Verpillière
47%
8 595 Vif
47%
319 015 Saint-Quentin-Fallavier
42%
206 591 Vinay
42%
165 221 Le Grand-Lemps
39%
9 187 Pont-de-Claix
39%
444 167 Tullins-Fures
36%
844 967 Grenoble-Universités-Gières
33%
217 885 Pont-de-Beauvoisin
31%
147 736 Réaumont - Saint-Cassien
31%
78 017 Cessieu
28%
794 658 Pontcharra-sur-Bréda - Allevard
28%
349 852 Brignoud
25%
78 818 Châbons
25%
401 853 Goncelin
25%
195 920 Moirans La Galifette
25%
40 197 Monestier-de-Clermont
25%
42 133 Poliénas
25%
110 057 Saint-Hilaire - Saint-Nazaire
25%
910 Beaucroissant
22%
14 946 Jarrie - Vizille
22%
42 355 Clelles - Mens
19%
207 301 Lancey
19%
29 038 Virieu-sur-Bourbre
19%
276 928 Chasse-sur-Rhône
17%
141 367 Estressin
17%
1 053 974 Péage-de-Roussillon
14%
4 337 Saint-Georges-de-Commiers
14%
5 208 Abrets - Fitilieu
8%
753 753 Saint-Clair - Les Roches
6%
Aucun quiz correspondant
Distribution des résultats
% des personnes avec chaque résultat
Percentile par nombre de réponses
Votre historique - résultats
Vous n’avez pas pris ce quiz